| 000 | 00734nam a2200241 a 4500 | ||
|---|---|---|---|
| 001 | 80533 | ||
| 003 | BD-RjUL | ||
| 005 | 20221013143429.0 | ||
| 008 | 221013s19531932enk 000 0 eng d | ||
| 035 | _a(BD-RjUL)80533 | ||
| 040 |
_aIRU _cIRU _dm.c _dBD-RjUL _beng |
||
| 041 | _aeng | ||
| 082 |
_223 _a822.912 _bSHS 1953 |
||
| 100 | 1 |
_aShaw, Bernard, _d1856-1950. |
|
| 245 | 1 | 0 |
_aSaint Joan : _ba chronicle, and The apple cart, a political extravaganza / _cby Bernard Shaw |
| 250 | _aStandard ed. | ||
| 260 |
_aLondon : _bConstable, _c1932 [rerinted 1953] |
||
| 300 |
_avi, 269 p. ; _c21 cm |
||
| 600 | 0 | 0 |
_aJoan, _cof Arc, Saint, _d1412-1431 _95241 |
| 650 | _aEnglish drama | ||
| 700 | 1 | 2 |
_aShaw, Bernard, _d1856-1950. |
| 942 |
_2ddc _cBK |
||
| 999 |
_c80533 _d80533 |
||